[Event "Madrid San Viator op-A 27th"]
[Site "Madrid"]
[Date "2016.10.09"]
[Round "3"]
[White "Magan Gonzalez, Alberto"]
[Black "Munoz Cebey, Ricardo"]
[Result "1/2-1/2"]
[WhiteElo "1829"]
[BlackElo "1758"]
[PlyCount "58"]
[EventDate "2016.09.25"]
[EventType "swiss"]
[EventRounds "9"]
[EventCountry "ESP"]
[SourceTitle "EXT 2017"]
[Source "ChessBase"]
[SourceDate "2016.10.25"]
[SourceVersion "1"]
[SourceVersionDate "2016.10.25"]
[SourceQuality "1"]

1. e4 c5 2. Nf3 g6 3. d4 cxd4 4. Nxd4 Nc6 5. Be3 Nf6 6. Nc3 Bg7 7. Bc4 0-0 8. Bb3 a5 9. a4 Ng4 10. Nxc6 Nxe3 11. Nxd8 Nxd1 12. Nxd1 Rxd8 13. c3 Ra6 14. 0-0 Rb6 15. Bc4 e6 16. Re1 Kf8 17. b3 d5 18. exd5 exd5 19. Bb5 Bd7 20. Bxd7 Rxd7 21. Rb1 Rc6 22. Re3 Rdc7 23. Rd3 Bxc3 24. Rxd5 Bb4 25. Ne3 Rc1+ 26. Rd1 Rxb1 27. Rxb1 Rd7 28. Rd1 Rxd1+ 29. Nxd1 Ke7 1/2-1/2

[Event "Madrid Codes Memorial 7th"]
[Site "Madrid"]
[Date "2013.04.28"]
[Round "4"]
[White "Magan Gonzalez, Alberto"]
[Black "Jimenez Ibanez, Juan C"]
[Result "1-0"]
[WhiteElo "1855"]
[BlackElo "1839"]
[PlyCount "63"]
[EventDate "2013.04.07"]
[EventType "swiss"]
[EventRounds "9"]
[EventCountry "ESP"]
[SourceTitle "EXT 2014"]
[Source "ChessBase"]
[SourceDate "2013.11.20"]
[SourceVersion "1"]
[SourceVersionDate "2013.11.20"]
[SourceQuality "1"]

1. e4 c5 2. Nf3 Nc6 3. d4 cxd4 4. Nxd4 g6 5. Nc3 Bg7 6. Be3 Nf6 7. Bc4 0-0 8. f3 Qb6 9. Bb3 Nxe4 10. fxe4 Bxd4 11. Nd5 Qa5+ 12. c3 Bxe3 13. Nxe3 Qg5 14. Qe2 Qh4+ 15. Kd2 Qxe4 16. h4 e6 17. h5 Ne7 18. Bc2 Qe5 19. Qf2 b6 20. Raf1 Ba6 21. c4 Qd4+ 22. Kc1 f5 23. hxg6 hxg6 24. Rd1 Qf6 25. Rxd7 Rfd8 26. Rhd1 Nc6 27. Qf4 Rxd7 28. Rxd7 Rd8 29. Ng4 Qh8 30. Nh6+ Kf8 31. Qd6+ Ke8 32. Qxe6+ 1-0

[Event "Madrid Codes Memorial 7th"]
[Site "Madrid"]
[Date "2013.04.21"]
[Round "3"]
[White "Rodriguez Lopez, Canizares Francisco"]
[Black "Magan Gonzalez, Alberto"]
[Result "0-1"]
[WhiteElo "1668"]
[BlackElo "1855"]
[PlyCount "86"]
[EventDate "2013.04.07"]
[EventType "swiss"]
[EventRounds "9"]
[EventCountry "ESP"]
[SourceTitle "EXT 2014"]
[Source "ChessBase"]
[SourceDate "2013.11.20"]
[SourceVersion "1"]
[SourceVersionDate "2013.11.20"]
[SourceQuality "1"]

1. e4 c5 2. Nc3 d6 3. f4 Nc6 4. Nf3 g6 5. Bb5 Bd7 6. 0-0 Bg7 7. Bc4 e6 8. Re1 Nge7 9. e5 d5 10. Nb5 dxc4 11. Nd6+ Kf8 12. Ng5 Be8 13. Nxc4 Qd4+ 14. Ne3 Nf5 15. Qf3 Qd7 16. c3 h5 17. Ne4 b6 18. Nxf5 gxf5 19. Nd6 Rd8 20. b3 Ne7 21. Bb2 Qc6 22. Qg3 Rg8 23. Qh3 Ng6 24. Rf1 Bh6 25. Qxh5 Bxf4 26. g3 Bxe5 27. Nc4 Bf6 28. Rf2 Rh8 29. Qe2 Qd5 30. Ne3 Qe4 31. Rd1 Bc6 32. Ng2 Qxe2 33. Rxe2 Bf3 34. Ree1 Bxd1 35. Rxd1 Ne5 36. d4 cxd4 37. cxd4 Nf3+ 38. Kf2 Nxd4 39. Nh4 Kg7 40. Nf3 Nxf3 41. Bxf6+ Kxf6 42. Rxd8 Rxd8 43. Kxf3 Rd2 0-1

[Event "Madrid Codes Memorial 7th"]
[Site "Madrid"]
[Date "2013.04.14"]
[Round "2"]
[White "Magan Gonzalez, Alberto"]
[Black "Rodriguez Vignote, Javier"]
[Result "0-1"]
[WhiteElo "1855"]
[BlackElo "1975"]
[PlyCount "114"]
[EventDate "2013.04.07"]
[EventType "swiss"]
[EventRounds "9"]
[EventCountry "ESP"]
[SourceTitle "EXT 2014"]
[Source "ChessBase"]
[SourceDate "2013.11.20"]
[SourceVersion "1"]
[SourceVersionDate "2013.11.20"]
[SourceQuality "1"]

1. e4 e6 2. d4 d5 3. Nc3 Nf6 4. Bg5 Be7 5. e5 Nfd7 6. Bxe7 Qxe7 7. f4 a6 8. Nf3 c5 9. Qd2 Nc6 10. 0-0-0 b5 11. dxc5 Nxc5 12. Bd3 b4 13. Ne2 a5 14. Ned4 Nxd4 15. Nxd4 Ba6 16. Kb1 Bxd3 17. cxd3 0-0 18. Rhe1 f6 19. Qe3 Rac8 20. g3 f5 21. g4 fxg4 22. Rg1 Qh4 23. Rc1 Qh3 24. Qxh3 gxh3 25. Rxc5 Rxc5 26. Nxe6 Rcc8 27. Nxf8 Rxf8 28. Rf1 Rf5 29. Kc2 g5 30. Rg1 h6 31. fxg5 hxg5 32. d4 Kf7 33. Kb3 Rf2 34. Rxg5 Rxh2 35. Rh5 Kg6 36. Rh8 Rd2 37. Rxh3 Rxd4 38. Re3 Kf7 39. a3 Ke6 40. axb4 Rxb4+ 41. Kc2 a4 42. Re1 Re4 43. Rh1 Kxe5 44. Rh5+ Kd4 45. Kd2 Rg4 46. Rh8 Rg2+ 47. Kc1 Kc4 48. Rc8+ Kd3 49. Rc3+ Ke4 50. Ra3 d4 51. Rxa4 Ke3 52. Ra8 Kd3 53. Kb1 Kd2 54. b4 Rg3 55. Ra2+ Ke1 56. b5 d3 57. Kc1 Rg5 0-1

[Event "Madrid Codes Memorial 7th"]
[Site "Madrid"]
[Date "2013.04.07"]
[Round "1"]
[White "Cano Nieto, Jose Luis"]
[Black "Magan Gonzalez, Alberto"]
[Result "0-1"]
[WhiteElo "1587"]
[BlackElo "1855"]
[PlyCount "78"]
[EventDate "2013.04.07"]
[EventType "swiss"]
[EventRounds "9"]
[EventCountry "ESP"]
[SourceTitle "EXT 2014"]
[Source "ChessBase"]
[SourceDate "2013.11.20"]
[SourceVersion "1"]
[SourceVersionDate "2013.11.20"]
[SourceQuality "1"]

1. d4 Nf6 2. Bf4 d5 3. e3 e6 4. Nf3 Nbd7 5. Nc3 a6 6. Be2 Be7 7. 0-0 Nh5 8. Ne5 Nxf4 9. exf4 0-0 10. Bg4 Nf6 11. Bf3 c6 12. Rb1 Qc7 13. Ne2 b6 14. c3 Bb7 15. Re1 Rac8 16. g3 c5 17. Rc1 Rfd8 18. Rf1 Ne4 19. Bxe4 dxe4 20. Qe1 f5 21. Qd1 Bf6 22. a3 Qe7 23. Qb3 b5 24. Qd1 Bxe5 25. fxe5 g5 26. Rc2 c4 27. Qd2 Kh8 28. Qc1 Rg8 29. Qd2 f4 30. Nxf4 gxf4 31. Qxf4 Rcf8 32. Qe3 Rf3 33. Qe2 Qg5 34. Qd2 Qh5 35. Qe2 Qh3 36. Qd2 e3 37. Qe2 exf2+ 38. Rxf2 Rfxg3+ 39. Rg2 Rxg2+ 0-1

[Event "Madrid Oliver Gonzalez Memorial-B 3rd"]
[Site "Madrid"]
[Date "2012.09.06"]
[Round "6"]
[White "Magan Gonzalez, Alberto"]
[Black "Benitez Cadenas, Luis Miguel"]
[Result "1-0"]
[WhiteElo "1850"]
[BlackElo "1700"]
[PlyCount "41"]
[EventDate "2012.09.01"]
[EventType "swiss"]
[EventRounds "9"]
[EventCountry "ESP"]
[SourceTitle "CBM 150 Extra"]
[Source "ChessBase"]
[SourceDate "2012.10.19"]
[SourceVersion "1"]
[SourceVersionDate "2012.10.19"]
[SourceQuality "1"]

1. e4 e6 2. d4 d5 3. Nc3 Nf6 4. Bg5 Be7 5. e5 Nfd7 6. Bxe7 Qxe7 7. f4 0-0 8. Nf3 c5 9. Qd2 Nc6 10. dxc5 Nxc5 11. 0-0-0 a6 12. Kb1 Bd7 13. Bd3 Nxd3 14. Qxd3 f6 15. Rhe1 b5 16. Nxd5 exd5 17. Qxd5+ Be6 18. Qxc6 Rfc8 19. Qd6 Qf7 20. exf6 Qg6 21. Qxe6+ 1-0

[Event "Madrid Oliver Gonzalez Memorial-B 3rd"]
[Site "Madrid"]
[Date "2012.09.01"]
[Round "1"]
[White "Magan Gonzalez, Alberto"]
[Black "Anton Quevedo, Andrea"]
[Result "1-0"]
[WhiteElo "1850"]
[BlackElo "1416"]
[PlyCount "83"]
[EventDate "2012.09.01"]
[EventType "swiss"]
[EventRounds "9"]
[EventCountry "ESP"]
[SourceTitle "CBM 150 Extra"]
[Source "ChessBase"]
[SourceDate "2012.10.19"]
[SourceVersion "1"]
[SourceVersionDate "2012.10.19"]
[SourceQuality "1"]

1. e4 c5 2. Nf3 Nc6 3. d4 cxd4 4. Nxd4 d6 5. Nc3 Nf6 6. Bg5 e6 7. Qd2 Be7 8. f4 0-0 9. 0-0-0 a6 10. Nf3 Ng4 11. Bxe7 Qxe7 12. h3 Nf6 13. Qxd6 Qxd6 14. Rxd6 Rd8 15. Rxd8+ Nxd8 16. g4 b5 17. e5 Bb7 18. Be2 Nd5 19. Nxd5 Bxd5 20. Rd1 Rc8 21. Kb1 Nc6 22. c3 b4 23. c4 Be4+ 24. Kc1 Na5 25. b3 Nc6 26. Nd4 Ne7 27. Kd2 Bg2 28. Bf1 Bxf1 29. Rxf1 Rd8 30. Ke3 g6 31. Rf2 Kg7 32. Rd2 h6 33. Nxe6+ fxe6 34. Rxd8 Kf7 35. Rd7 Ke8 36. Rxe7+ Kxe7 37. Kd4 Kd7 38. Kc5 a5 39. h4 Kc7 40. Kb5 Kb7 41. Kxa5 Kc6 42. Kxb4 1-0

[Event "Mislata op-C 20th"]
[Site "Mislata"]
[Date "2012.08.15"]
[Round "4"]
[White "Magan Gonzalez, Alberto"]
[Black "Morant Gomar, Sergio"]
[Result "1-0"]
[WhiteElo "1848"]
[BlackElo "1782"]
[PlyCount "87"]
[EventDate "2012.08.13"]
[EventType "swiss"]
[EventRounds "9"]
[EventCountry "ESP"]
[SourceTitle "EXT 2013"]
[Source "ChessBase"]
[SourceDate "2012.11.22"]
[SourceVersion "1"]
[SourceVersionDate "2012.11.22"]
[SourceQuality "1"]

1. e4 c5 2. Nf3 Nc6 3. d4 cxd4 4. Nxd4 Nf6 5. Nc3 e5 6. Ndb5 d6 7. Bg5 a6 8. Na3 b5 9. Nd5 Be7 10. Bxf6 Bxf6 11. c3 Be6 12. Nc2 Bg5 13. Be2 0-0 14. 0-0 f5 15. exf5 Bxf5 16. Nce3 Be6 17. Bg4 Bc8 18. a4 Bxg4 19. Qxg4 Bxe3 20. fxe3 bxa4 21. Rxf8+ Qxf8 22. Rf1 Qd8 23. Qxa4 Ne7 24. Qc4 Kh8 25. Nxe7 Qxe7 26. Qf7 Qd8 27. Rf3 Rb8 28. b3 a5 29. c4 Qg8 30. Qxg8+ Kxg8 31. e4 Rb4 32. Rd3 Rb6 33. Kf2 Kf7 34. Ke2 Ke6 35. Kd2 Ra6 36. Kc2 Kd7 37. Kb2 Rc6 38. Ka3 Kc7 39. Ka4 Rc5 40. Rg3 g6 41. Rh3 h5 42. Rg3 Kd7 43. Rxg6 Rc8 44. Kxa5 1-0

[Event "Madrid San Viator op 18th"]
[Site "Madrid"]
[Date "2012.04.15"]
[Round "3"]
[White "Magan Gonzalez, Alberto"]
[Black "Rendo Quindos, Pedro"]
[Result "1-0"]
[WhiteElo "1828"]
[BlackElo "1643"]
[PlyCount "83"]
[EventDate "2012.03.25"]
[EventType "swiss"]
[EventRounds "9"]
[EventCountry "ESP"]
[SourceTitle "EXT 2013"]
[Source "ChessBase"]
[SourceDate "2012.11.22"]
[SourceVersion "1"]
[SourceVersionDate "2012.11.22"]
[SourceQuality "1"]

1. e4 c5 2. Nf3 d6 3. d4 cxd4 4. Nxd4 Nc6 5. Nc3 e5 6. Ndb5 a6 7. Na3 Nf6 8. Bg5 Be7 9. Bxf6 Bxf6 10. Nd5 Be6 11. Nc4 Bxd5 12. Qxd5 Be7 13. a4 Qc7 14. c3 Rd8 15. a5 0-0 16. Be2 Bf6 17. Nb6 Ne7 18. Qc4 Qxc4 19. Bxc4 g6 20. Ke2 Bg7 21. Rhd1 Kh8 22. Bd5 Nxd5 23. Rxd5 f5 24. Rad1 Rf6 25. Nc4 Bf8 26. f3 fxe4 27. fxe4 h5 28. Nxe5 Re8 29. Nd7 Rxe4+ 30. Kd3 Ref4 31. Nxf6 Rxf6 32. Re1 Bh6 33. Rd4 Rf2 34. Re2 Rf6 35. Rde4 Bf8 36. Re6 Kg7 37. Rxf6 Kxf6 38. Kd4 Be7 39. Kd5 Kf7 40. Rf2+ Kg7 41. Ke6 Bf8 42. Rf7+ 1-0

[Event "Madrid San Viator op 18th"]
[Site "Madrid"]
[Date "2012.04.01"]
[Round "2"]
[White "Balsinde Montemayor, Lucas"]
[Black "Magan Gonzalez, Alberto"]
[Result "0-1"]
[WhiteElo "1356"]
[BlackElo "1828"]
[PlyCount "132"]
[EventDate "2012.03.25"]
[EventType "swiss"]
[EventRounds "9"]
[EventCountry "ESP"]
[SourceTitle "EXT 2013"]
[Source "ChessBase"]
[SourceDate "2012.11.22"]
[SourceVersion "1"]
[SourceVersionDate "2012.11.22"]
[SourceQuality "1"]

1. e4 c5 2. Nf3 d6 3. d4 cxd4 4. Nxd4 Nf6 5. Nc3 a6 6. Bc4 e6 7. Bb3 Nbd7 8. Be3 Nc5 9. Bg5 Be7 10. Bxf6 Bxf6 11. 0-0 b5 12. a3 Bb7 13. Re1 Qb6 14. Nf3 Bxc3 15. bxc3 Nxe4 16. Qd4 Qxd4 17. cxd4 Nc3 18. Re3 Nd5 19. Ree1 0-0 20. c4 bxc4 21. Bxc4 Rfc8 22. Rac1 Nf4 23. g3 Ng6 24. Ng5 Nf8 25. Bd3 Rxc1 26. Rxc1 Rc8 27. Rb1 Rc7 28. Rb6 h6 29. Ne4 Bxe4 30. Bxe4 d5 31. Bg2 Ra7 32. Bf1 a5 33. Bb5 g5 34. f4 gxf4 35. gxf4 Ng6 36. f5 exf5 37. Bd3 Nh4 38. Kf2 Rc7 39. Rb3 a4 40. Rb5 Rc3 41. Bb1 Rxa3 42. Rxd5 Rb3 43. Bxf5 Nxf5 44. Rxf5 a3 45. Ra5 Rb2+ 46. Kg3 a2 47. h4 Kg7 48. Ra6 h5 49. d5 Rd2 50. Kf4 Rxd5 51. Rxa2 Rd4+ 52. Kg5 Rd5+ 53. Kf4 Kg6 54. Rg2+ Kf6 55. Re2 Rd4+ 56. Re4 Rxe4+ 57. Kxe4 Ke6 58. Kf4 f5 59. Kg5 Ke5 60. Kxh5 Kf6 61. Kh6 f4 62. Kh7 f3 63. h5 f2 64. h6 Kf7 65. Kh8 f1Q 66. h7 Qf6# 0-1

[Event "Madrid Oliver Gonzalez Memorial 2nd"]
[Site "Madrid"]
[Date "2011.10.11"]
[Round "4"]
[White "Ruiz Bazaga, Miriam"]
[Black "Magan Gonzalez, Alberto"]
[Result "0-1"]
[WhiteElo "1624"]
[BlackElo "1821"]
[PlyCount "118"]
[EventDate "2011.10.08"]
[EventType "swiss"]
[EventRounds "9"]
[EventCountry "ESP"]
[SourceTitle "CBM 144 Extra"]
[Source "ChessBase"]
[SourceDate "2011.10.28"]
[SourceVersion "1"]
[SourceVersionDate "2011.10.28"]
[SourceQuality "1"]

1. e4 c5 2. c3 e5 3. Nf3 Nc6 4. Bc4 Qf6 5. d3 h6 6. Be3 d6 7. Nbd2 Nge7 8. Qe2 Ng6 9. 0-0-0 Be7 10. Nb3 a5 11. a4 Be6 12. d4 Bxc4 13. Qxc4 cxd4 14. cxd4 0-0 15. Qb5 Rfc8 16. Kb1 exd4 17. Bxd4 Nxd4 18. Nbxd4 Nf4 19. Rhg1 Ne6 20. Qf5 Rc4 21. Qxf6 Bxf6 22. Nxe6 fxe6 23. Rxd6 Rxe4 24. Re1 Rxa4 25. Rdxe6 Rb4 26. Re8+ Rxe8 27. Rxe8+ Kf7 28. Re2 a4 29. Ka2 b5 30. Ne5+ Bxe5 31. Rxe5 Kf6 32. Re3 Rd4 33. Re2 b4 34. g3 g5 35. f3 Kf5 36. Rf2 Ke5 37. h3 Kd5 38. f4 gxf4 39. gxf4 Ke6 40. f5+ Kf6 41. Kb1 b3 42. Kc1 Rd5 43. Rf4 Rc5+ 44. Kd1 a3 45. bxa3 b2 46. Rb4 Rc1+ 47. Kd2 b1Q 48. Rxb1 Rxb1 49. Kc2 Rb8 50. Kc3 Kxf5 51. a4 Kf4 52. a5 Kg3 53. Kc4 Kxh3 54. a6 Kg3 55. Kc5 h5 56. Kc6 h4 57. a7 Rh8 58. Kb7 Rh7+ 59. Kb8 Rxa7 0-1

[Event "Madrid Oliver Gonzalez Memorial 2nd"]
[Site "Madrid"]
[Date "2011.10.09"]
[Round "2"]
[White "Garcia Saez, Juan Carlos"]
[Black "Magan Gonzalez, Alberto"]
[Result "1-0"]
[WhiteElo "2070"]
[BlackElo "1821"]
[PlyCount "71"]
[EventDate "2011.10.08"]
[EventType "swiss"]
[EventRounds "9"]
[EventCountry "ESP"]
[SourceTitle "CBM 144 Extra"]
[Source "ChessBase"]
[SourceDate "2011.10.28"]
[SourceVersion "1"]
[SourceVersionDate "2011.10.28"]
[SourceQuality "1"]

1. e4 c5 2. Nf3 d6 3. Nc3 Nf6 4. d4 cxd4 5. Nxd4 a6 6. Be2 e5 7. Nb3 Be6 8. 0-0 Be7 9. f4 Qc7 10. f5 Bc4 11. Be3 Nbd7 12. Nd2 Bxe2 13. Qxe2 b5 14. a3 Rc8 15. Rac1 Nb6 16. Kh1 Nc4 17. Nxc4 Qxc4 18. Qf3 b4 19. axb4 Qxb4 20. Rb1 0-0 21. Bg5 Qb7 22. Bxf6 Bxf6 23. Qd3 Rc6 24. Nd5 Rfc8 25. c3 Bd8 26. b4 f6 27. h3 Qb5 28. Qxb5 axb5 29. Ra1 Rc4 30. Rfe1 g6 31. g4 h5 32. Ra7 hxg4 33. hxg4 g5 34. Kg2 Kf8 35. Rh1 Kg8 36. Rah7 1-0

[Event "Madrid Oliver Gonzalez Memorial 2nd"]
[Site "Madrid"]
[Date "2011.10.09"]
[Round "3"]
[White "Magan Gonzalez, Alberto"]
[Black "Camarero Izquierdo, Juan Carlos"]
[Result "1/2-1/2"]
[WhiteElo "1821"]
[BlackElo "1933"]
[PlyCount "81"]
[EventDate "2011.10.08"]
[EventType "swiss"]
[EventRounds "9"]
[EventCountry "ESP"]
[SourceTitle "CBM 144 Extra"]
[Source "ChessBase"]
[SourceDate "2011.10.28"]
[SourceVersion "1"]
[SourceVersionDate "2011.10.28"]
[SourceQuality "1"]

1. e4 c5 2. Nf3 d6 3. d4 cxd4 4. Nxd4 Nf6 5. Nc3 a6 6. Bg5 e6 7. f4 Nbd7 8. Qf3 Qc7 9. 0-0-0 b5 10. g4 Bb7 11. Bxf6 Nxf6 12. Bd3 b4 13. Nce2 d5 14. Ng3 dxe4 15. Nxe4 Be7 16. Rhe1 0-0 17. g5 Nxe4 18. Bxe4 Bxe4 19. Qxe4 Rac8 20. h4 Rfd8 21. f5 e5 22. Nf3 f6 23. gxf6 gxf6 24. Rxd8+ Qxd8 25. Rg1+ Kh8 26. Rd1 Qc7 27. Rg1 a5 28. Rg2 a4 29. Qg4 Bc5 30. Ne1 a3 31. b3 Be3+ 32. Kb1 Qd7 33. Nd3 Rd8 34. Rg3 Bf4 35. Rg1 Bd2 36. Rg2 Bh6 37. Qh5 Bf8 38. Qg4 Bd6 39. h5 e4 40. Qxe4 Qf7 41. Qg4 1/2-1/2